Galatasaray players (2000-2010) - Statistics

General Stats
  • This quiz has been taken 13 times
  • The average score is 52 of 132
Answer Stats
Rank Player Positions Nationality Matches Goals (assists) Period % Correct
3 Faryd Mondragón GK 185 0 (1) 2001-2007
100%
6 Ergün Penbe LB 164 5 (30) 2000-2007
90%
58 Gheorghe Hagi AM 25 11 (16) 2000-2001
90%
4 Hasan Şaş RW 185 21 (53) 2000-2009
90%
7 Hakan Şükür ST 147 55 (26) 2003-2008
80%
36 Lincoln AM 42 13 (18) 2007-2009
80%
30 Milan Baros ST 48 31 (7) 2008-2010
80%
14 Necati Ateş ST 99 48 (16) 2003-2007
80%
11 Rigobert Song CB 108 4 (1) 2004-2008
80%
2 Sabri Sarıoğlu RB 187 12 (15) 2002-2010
80%
12 Arif Erdem ST 103 40 (25) 2000-2005
70%
9 Bülent Korkmaz CB 119 4 (2) 2000-2005
70%
50 Claudio Taffarel GK 27 0 (0) 2000-2001
70%
13 Emre Aşık CB 102 2 (2) 2000-2003, 2005-2007, 2008-2010
70%
84 Haim Revivo AM 13 3 (4) 2002-2003
70%
18 Hakan Balta LB 80 5 (1) 2007-2010
70%
34 Harry Kewell LW 43 17 (9) 2008-2010
70%
33 Okan Buruk RM 45 4 (6) 2000-2001, 2006-2008
70%
24 Sasa Ilic CM 59 22 (7) 2005-2007
70%
22 Shabani Nonda ST 61 22 (6) 2007-2010
70%
15 Stjepan Tomas CB 98 0 (2) 2004-2007
70%
5 Ümit Karan ST 169 72 (28) 2001-2009
70%
115 Alparslan Erdem LB 2 0 (1) 2008-2009
60%
10 Arda Turan LW 115 27 (42) 2004-2005, 2006-2010
60%
1 Ayhan Akman CM 204 8 (22) 2001-2010
60%
21 Barış Özbek CM 74 6 (11) 2007-2010
60%
41 Elvir Baljic LW 34 3 (11) 2002-2005
60%
52 Fatih Akyel RB 27 0 (1) 2000-2001
60%
20 Hakan Ünsal LB 76 2 (10) 2000-2005
60%
26 Hasan Kabze ST 54 17 (3) 2004-2007
60%
61 Jardel ST 24 22 (3) 2000-2001
60%
60 Junichi Inamoto DM 25 0 (1) 2006-2007
60%
16 Mehmet Topal DM 82 2 (3) 2006-2010
60%
125 Mülayim Erdem AM 1 0 (0) 2003-2004
60%
17 Orhan Ak CB 81 5 (7) 2003-2007
60%
19 Servet Çetin CB 77 6 (4) 2007-2010
60%
28 Ümit Davala RM 52 8 (10) 2000-2003
60%
49 Abdul Kader Keita RW 27 5 (12) 2009-2010
50%
42 Aykut Erçetin GK 32 0 (0) 2003-2004, 2006-2010
50%
29 Batista DM 49 2 (0) 2001-2004
50%
48 César Prates RB 28 3 (2) 2003-2004
50%
51 Emre Belözoğlu CM 27 4 (5) 2000-2001
50%
64 Fernando Meira CB 21 0 (0) 2008-2009
50%
59 Gheorghe Popescu CB 25 0 (0) 2000-2002
50%
55 Leo Franco GK 26 0 (0) 2009-2010
50%
77 Marcelo Carrusca AM 15 1 (0) 2006-2008
50%
69 Marek Heinz ST 18 3 (1) 2005-2006
50%
45 Morgan De Sanctis GK 31 0 (0) 2008-2009
50%
46 Mustafa Sarp DM 30 3 (0) 2009-2010
50%
113 Semih Kaya CB 3 0 (0) 2008-2009
50%
27 Suat Kaya DM 54 3 (2) 2000-2003
50%
87 Tobias Linderoth DM 13 0 (0) 2007-2010
50%
23 Uğur Uçar RB 60 0 (10) 2003-2006, 2007-2010
50%
89 Abel Xavier RB 11 0 (0) 2002-2003
40%
47 Alioum Saidou DM 29 0 (3) 2004-2006
40%
37 Aydın Yılmaz RW 41 2 (4) 2005-2007, 2008-2010
40%
38 Berkant Göktan ST 41 8 (3) 2001-2004
40%
35 Capone RB 42 1 (1) 2000-2002
40%
8 Cihan Haspolatlı DM 126 10 (10) 2002-2007
40%
44 Emre Güngör CB 31 0 (0) 2007-2010
40%
68 Ferhat Öztorun LB 18 0 (0) 2005-2007
40%
81 Franck Ribéry LW 14 0 (4) 2004-2005
40%
102 Gabriel Tamaș CB 6 0 (0) 2003-2004
40%
95 Gökhan Zan CB 9 0 (0) 2009-2010
40%
116 Hakan Yakin AM 2 0 (0) 2004-2005
40%
92 Ismaël Bouzid CB 10 0 (0) 2007-2008
40%
85 ST 13 3 (2) 2009-2010
40%
83 Lucas Neill CB 14 1 (0) 2009-2010
40%
62 Orkun Uşak GK 23 0 (0) 2007-2009
40%
54 Ovidiu Petre DM 27 1 (1) 2003-2005
40%
71 Sergen Yalçın AM 18 7 (8) 2001-2002
40%
32 Serkan Aykut ST 47 25 (2) 2000-2002
40%
98 Serkan Kurtuluş RB 8 0 (0) 2008-2009
40%
114 Ahmed Barusso DM 2 0 (0) 2007-2008
30%
90 Ahmet Yıldırım DM 11 1 (1) 2000-2001
30%
109 Cafercan Aksu CM 3 0 (0) 2003-2005
30%
75 Frank de Boer CB 15 1 (1) 2003-2004
30%
63 Gustavo Victoria LB 22 1 (2) 2001-2002
30%
76 Kerem İnan GK 15 0 (0) 2000-2003
30%
39 Mehmet Güven CM 38 1 (1) 2005-2009
30%
111 Özgür Can Özcan ST 3 0 (0) 2005-2007
30%
96 Radu Niculescu ST 9 3 (0) 2001-2002
30%
127 Richard Kingson GK 1 0 (0) 2003-2004
30%
70 Sébastien Pérez RB 18 3 (2) 2001-2002
30%
72 Serkan Çalık RW 17 3 (0) 2007-2008
30%
78 Suat Usta CB 15 1 (0) 2002-2004
30%
40 Vedat İnceefe CB 38 1 (1) 2000-2003
30%
25 Volkan Arslan CM 56 6 (8) 2002-2006
30%
31 Volkan Yaman LB 48 1 (2) 2007-2010
30%
107 Yalçın Ayhan CB 4 0 (0) 2005-2006
30%
88 Yaser Yıldız ST 12 0 (1) 2008-2009
30%
79 Ali Lukunku ST 14 6 (4) 2002-2004
20%
43 Bülent Akın DM 32 2 (1) 2000-2002
20%
91 Christian ST 11 3 (0) 2002-2003
20%
56 Elano AM 25 3 (1) 2009-2010
20%
66 Fabio Pinto CF 20 1 (0) 2002-2004
20%
80 Felipe Loureiro LW 14 2 (4) 2002-2003
20%
121 Fevzi Elmas GK 1 0 (0) 2004-2005
20%
53 Flávio Conceição CM 27 2 (1) 2004-2005
20%
82 Giovani dos Santos CF 14 0 (3) 2009-2010
20%
103 Márcio Mixirica ST 5 0 (1) 2000-2001
20%
100 Mohamed Sarr CB 7 1 (1) 2002-2003
20%
112 Pavel Horvath CM 3 0 (0) 2001-2002
20%
128 Robert Spehar ST 1 0 (0) 2001-2002
20%
105 Sergio Almaguer CB 4 0 (0) 2002-2003
20%
94 Altan Aksoy AM 9 1 (1) 2005-2006
10%
67 Andrés Fleurquín DM 18 2 (2) 2001-2002
10%
97 Emre Çolak AM 8 1 (0) 2009-2010
10%
73 Faruk Atalay AM 16 0 (1) 2000-2002
10%
57 Florin Bratu ST 25 6 (3) 2003-2004
10%
124 Mehmet Bölükbaşı GK 1 0 (0) 2002-2003
10%
86 Mehmet Polat CB 13 1 (0) 2002-2003
10%
93 Murat Erdoğan CM 10 2 (0) 2003-2004
10%
101 Murat Sözkesen ST 7 1 (1) 2001-2002
10%
126 Oğuz Sabankay AM 1 0 (0) 2006-2007
10%
74 Ömer Erdoğan CB 16 2 (0) 2003-2004
10%
117 Sedat Debreli ST 2 0 (0) 2002-2003
10%
106 Tolga Seyhan CB 4 0 (0) 2006-2007
10%
132 Ümit Aydın DM 1 0 (0) 2000-2001
10%
99 Abdullah Ercan LM 7 0 (0) 2003-2004
0%
118 Berk Neziroğluları LB 1 0 (0) 2009-2010
0%
65 Caner Erkin LB 20 0 (2) 2009-2010
0%
119 Cumhur Yılmaztürk DM 1 0 (0) 2009-2010
0%
104 Emrah Umut CB 4 0 (0) 2003-2004
0%
110 Erhan Namlı AM 3 0 (0) 2001-2002
0%
120 Eyüp Kaymakçı AM 1 0 (0) 2003-2004
0%
122 Görkem Görk CB 1 0 (0) 2002-2003
0%
123 İlker Erbay CB 1 0 (1) 2002-2003
0%
129 Serdar Eylik LW 1 0 (0) 2009-2010
0%
130 Servet Gökçen LB 1 0 (0) 2002-2003
0%
131 Uğur Demirok CB 1 0 (0) 2005-2006
0%
108 Zafer Şakar CM 4 0 (0) 2004-2006
0%
No matching quizzes found
Score Distribution
Percent of People with Each Score
Percentile by Number Answered
Your Score History
You have not taken this quiz